Представление документа в формате MARC21

ПолеНазваниеЗначение
  Тип записи a
  Библиографический уровень m
001 Контрольный номер RU\infra-m\znanium\bibl\2229484
005 Дата корректировки 20260429142235.8
008 Кодируемые данные 251203s2025 RU g rus u
020 Индекс ISBN __
a ISBN 978-5-16-021686-7
020 Индекс ISBN __
a ISBN 978-5-16-106733-8 (электр. издание)
040 Источник каталогиз. __
a Служба первич. каталог. Общество с ограниченной ответственностью «ЗНАНИУМ»
041 Код языка издания __
a Код языка текста rus
044 Код страны публикации __
a Код страны публикации RU
080 Индекс УДК __
a Индекс УДК 687(075.32)
084 Индекс другой классификации/Индекс ББК __
2 Источник индекса rubbk
a Индекс другой классификации/Индекс ББК 37.24-2я723
084 Индекс другой классификации/Индекс ББК __
2 Источник индекса okso
a Индекс другой классификации/Индекс ББК 27.02.04
084 Индекс другой классификации/Индекс ББК __
2 Источник индекса okso
a Индекс другой классификации/Индекс ББК 29.01.04
084 Индекс другой классификации/Индекс ББК __
2 Источник индекса okso
a Индекс другой классификации/Индекс ББК 29.01.31
084 Индекс другой классификации/Индекс ББК __
2 Источник индекса okso
a Индекс другой классификации/Индекс ББК 29.01.33
084 Индекс другой классификации/Индекс ББК __
2 Источник индекса okso
a Индекс другой классификации/Индекс ББК 29.02.10
084 Индекс другой классификации/Индекс ББК __
2 Источник индекса okso
a Индекс другой классификации/Индекс ББК 54.02.06
100 Автор __
a Автор Шершнева Л.П.
q Полное имя Шершнева Лидия Петровна
u Дополнение Московский государственный университет технологий и управления им. К.Г. Разумовского, Институт менед
245 Заглавие __
a Заглавие Конструирование одежды: Теория и практика
b Продолж. заглавия Учебное пособие
c Ответственность Московский государственный университет технологий и управления им. К.Г. Разумовского, Институт менед; Московский государственный университет технологий и управления им. К.Г. Разумовского, Институт менед; Российский государственный университет им. А.Н. Косыгина
250 Сведения об издании __
a Основные сведения об издании 1
260 Выходные данные __
a Место издания Москва
b Издательство ООО "Научно-издательский центр ИНФРА-М"
c Дата издания 2026
300 Физическое описание __
a Объем 288 с.
440 Серия __
a Серия Среднее профессиональное образование
520 Аннотация __
a Аннотация В учебном пособии изложены материалы для изучения теории и практики конструирования одежды на типовые и индивидуальные фигуры. Описаны методы построения чертежей деталей типовых и модельных конструктивных основ плечевой и поясной одежды для взрослых и детей рассмотрены особенности конструирования современной одежды из натурального меха и трикотажа представлена информация по проектированию одежды специального назначения. Рекомендовано для студентов учреждений среднего профессионального образования и студентов вузов легкой промышленности. Может использоваться учащимися колледжей лицеев специалистами швейной промышленности и широким кругом читателей.
521 Примеч. о цел. назн. __
a Примеч. о целев. назн. Среднее профессиональное образование
650 Тематические рубрики __
a Основная рубрика Промышленность. Энергетика
x Основная подрубрика Швейная промышленность
655 Указ. предметных рубрик (устаревшее) __
a Жанр/ форма (устаревшее) Учебное пособие
700 Другие авторы __
a Другие авторы Ларькина Л. В.
q Полное имя Ларькина Лариса Васильевна
u Дополнение Омский государственный технический университет
856 Электронный адрес документа 4_
a Имя сервера/домена znanium.ru
m Помощь ebs_support@infra-m.ru
n Местонахождение сервера НИЦ ИНФРА-М
u URL https://znanium.ru/catalog/document?id=473673
856 Электронный адрес документа 48
a Имя сервера/домена znanium.ru
d Путь /cover/2229
f Электронное имя 2229484.jpg
q Тип электронного формата image/jpeg
u URL https://znanium.ru/cover/2229/2229484.jpg
911 __
u 0030=https://znanium.ru/catalog/document?id=473673
911 __
u 712a=Московский государственный университет технологий и управления им. К.Г. Разумовского, Институт менед
911 __
u 712a=Российский государственный университет им. А.Н. Косыгина